000
00305nam a2200133Ia 4500
100
_a
Murphy James
942
_c
BK
654
_a
Thread production
245
_a
Screw Thread Production Vol. II
260
_b
Machinery Publication & co
_a
London
082
_a
621.882
300
_a
176
546
_a
ENGLISH
999
_c
32150
_d
32150